The golden chain : an anthology of Pythagorean and Platonic philosophy /

Bibliographic Details
Other Authors: Uždavinys, Algis
Format: Book
Language:English
Published: Bloomington, Ind. : World Wisdom, [2004]
Series:Treasures of the world's religions.
Subjects:
Online Access:Table of contents

MARC

Tag First Indicator Second Indicator Subfields
LEADER 00000cam a22000004a 4500
001 in00002012811
005 20151031154049.0
008 040730s2004 inu b 001 0 eng
010 |a  2004018009 
020 |a 0941532615 (pbk. : alk. paper) 
035 |a (OCoLC)ocm56103994 
040 |a DLC  |c DLC  |d C#P  |d UtOrBLW 
042 |a pcc 
049 |a TXAM 
050 0 0 |a B171  |b .G65 2004 
082 0 0 |a 182/.2  |2 22 
245 0 4 |a The golden chain :  |b an anthology of Pythagorean and Platonic philosophy /  |c selected and edited by Algis Uždavinys ; foreword by John F. Finamore. 
264 1 |a Bloomington, Ind. :  |b World Wisdom,  |c [2004] 
264 4 |c ©2004 
300 |a xxviii, 327 pages ;  |c 23 cm. 
336 |a text  |b txt  |2 rdacontent 
337 |a unmediated  |b n  |2 rdamedia 
338 |a volume  |b nc  |2 rdacarrier 
490 1 |a Treasures of the world's religions series 
504 |a Includes bibliographical references (pages 315-317) and index. 
505 0 |a Traditional accounts on the life and teachings of Pythagoras -- The life of Pythagoras / Anonymous -- The life of Pythagoras / Diogenes Laertius -- The life of Pythagoras / Porphyry -- On the Pythagorean life / Iamblichus -- Testimonies of pythagorean and neopythagorean tradition -- The Golden verses of Pythagoras -- Pythagorean sentences -- The sentences of Sextus the Pythagorean -- Pythagorean sentences from Iamblichus -- Pythagorean sentences from Stobaeus -- Pythagorean sentences from Clement of Alexandria -- Fragments of Philolaus -- Pythagorean pseudepigrapha -- Fragments of Archytas -- On the world and the soul / Timaeus of Locri -- On the virtues / Theages -- Concerning human life / Euryphamus -- On prudence and prosperity / Crito -- Plato : philosophy as the regrowth of wings -- Plato's dialogues and letters -- Seventh letter -- Timaeus -- Phaedrus -- Phaedo -- Theaetetus -- Symposium -- Neoplatonic hermeneutics and the way to God -- On the life of Plotinus / Porphyry -- Enneads / Plotinus -- Letter to Marcella / Porphyry -- Exhortation to philosophy / Iamblichus -- On the mysteries of the Egyptians / Iamblichus -- Commentary on the Golden verses / Hierocles -- Commentary on Plato's Phaedrus / Hermeias -- Proclus or about happiness / Marinus -- Commentary on Plato's Alcibiades / Proclus -- Theology of Plato / Proclus -- Commentary on the Timaeus of Plato / Proclus -- Commentary on the Chaldean oracles / Proclus -- Commentary on Plato's Parmenides / Proclus -- Commentary on Plato's Phaedo / Damascius -- On the first principles / Damascius. 
650 0 |a Philosophy, Ancient. 
700 1 |a Uždavinys, Algis. 
830 0 |a Treasures of the world's religions. 
856 4 1 |3 Table of contents  |u http://www.loc.gov/catdir/toc/ecip0421/2004018009.html  |t 0 
945 |i PromptCat 
948 |a cataloged  |b h  |c 2004/12/20  |d c  |e eneff  |f 1:00:04 pm 
994 |a 92  |b TXA 
999 |a MARS 
999 f f |s a0102f01-ee5d-3afd-838a-65f8691ee0a5  |i 991c6419-72a6-3399-910a-43d862c65854  |t 0 
952 f f |p normal  |a Texas A&M University  |b College Station  |c Sterling C. Evans Library  |d Evans: Library Stacks  |t 0  |e B171 .G65 2004  |h Library of Congress classification  |i unmediated -- volume  |m A14831702103 
998 f f |a B171 .G65 2004  |t 0  |l Evans: Library Stacks